000 00552nam a2200193Ia 4500
999 _c11224
_d11224
003 0100
005 20190717125007.0
008 130303s9999 xx 000 0 und d
020 _a805814035
040 _cARRUPELIB
050 _aHM132.G44 1995
245 _aGender, power, and communication in human relationships
260 _aHillsdale
_bErlbaum
_c1995
300 _axiv
300 _b 366p. 24cm.
440 _aLEA's communication series
_947174
650 _aSex differences (Psychology)
_x Interpersonal communication
_947175
700 _aedited by Pamela J. Kalbfleisch, Micheal J. Cody , Kalbfleisch, Pamela J.Cody, Michael J
_947176
942 _2lcc
_cMONOGRAPH